[Event "2016 Girls Closed Championship"]
[Site "Manchester, NH"]
[Date "2016.06.26"]
[Round "2.4"]
[White "Virkud, Apurva"]
[Black "Xiang, Evan"]
[Result "0-1"]
[BlackElo "1806"]
[WhiteElo "1913"]
[LiveChessVersion "1.4.8"]

1. d4 {[%clk 1:30:58]} Nf6 {[%clk 1:30:56]} 2. c4 {[%clk 1:31:21]} g6
{[%clk 1:31:21]} 3. f3 {[%clk 1:31:45]} d5 {[%clk 1:31:44]} 4. cxd5
{[%clk 1:32:09]} Nxd5 {[%clk 1:32:10]} 5. e4 {[%clk 1:32:14]} Nb6
{[%clk 1:32:24]} 6. Be3 {[%clk 1:32:03]} Bg7 {[%clk 1:32:21]} 7. Nc3
{[%clk 1:31:57]} O-O {[%clk 1:30:43]} 8. Qd2 {[%clk 1:31:52]} f5 {[%clk 1:27:59]}
9. O-O-O {[%clk 1:26:10]} c6 {[%clk 1:23:32]} 10. Kb1 {[%clk 1:13:53]} Be6
{[%clk 1:07:47]} 11. h4 {[%clk 1:07:58]} Qe8 {[%clk 0:56:17]} 12. Nh3
{[%clk 1:02:19]} Bc4 {[%clk 0:50:04]} 13. Bh6 {[%clk 0:54:39]} e5
{[%clk 0:47:53]} 14. Bxg7 {[%clk 0:49:06]} Kxg7 {[%clk 0:48:15]} 15. dxe5
{[%clk 0:46:31]} Qxe5 {[%clk 0:43:22]} 16. f4 {[%clk 0:40:28]} Qc5
{[%clk 0:39:33]} 17. Ng5 {[%clk 0:37:06]} h6 {[%clk 0:35:14]} 18. Nf3
{[%clk 0:28:51]} Na6 {[%clk 0:33:40]} 19. Ne5 {[%clk 0:23:13]} Bxf1
{[%clk 0:31:30]} 20. Rhxf1 {[%clk 0:21:59]} Qe7 {[%clk 0:28:42]} 21. Qf2
{[%clk 0:19:21]} fxe4 {[%clk 0:18:55]} 22. Qg3 {[%clk 0:16:32]} Qe6
{[%clk 0:18:01]} 23. h5 {[%clk 0:14:19]} Rf5 {[%clk 0:16:35]} 24. Nxg6
{[%clk 0:12:34]} Kh7 {[%clk 0:15:34]} 25. Rfe1 {[%clk 0:09:34]} Rxh5
{[%clk 0:14:33]} 26. Ne5 {[%clk 0:08:56]} Rg8 {[%clk 0:13:25]} 27. Qe3
{[%clk 0:08:57]} Rxg2 {[%clk 0:11:26]} 28. Qxe4+ {[%clk 0:08:34]} Qf5
{[%clk 0:11:52]} 29. Nd7 {[%clk 0:06:23]} Qxe4+ {[%clk 0:11:55]} 30. Nxe4
{[%clk 0:05:36]} Rhh2 {[%clk 0:10:37]} 31. Nef6+ {[%clk 0:04:46]} Kg6
{[%clk 0:09:57]} 32. Rg1 {[%clk 0:04:12]} Nxd7 {[%clk 0:09:28]} 33. Nxd7
{[%clk 0:04:30]} Kf5 {[%clk 0:09:44]} 34. Rxg2 {[%clk 0:04:32]} Rxg2
{[%clk 0:10:13]} 35. Rh1 {[%clk 0:04:12]} Nb4 {[%clk 0:09:11]} 36. Nc5
{[%clk 0:04:12]} b6 {[%clk 0:09:34]} 37. a3 {[%clk 0:03:37]} Nd5 {[%clk 0:09:40]}
38. Nd3 {[%clk 0:03:39]} Rg6 {[%clk 0:08:49]} 39. Ne5 {[%clk 0:03:54]} Rf6
{[%clk 0:08:37]} 40. Rh5+ {[%clk 0:33:00]} Kxf4 {[%clk 0:35:38]} 41. Nxc6
{[%clk 0:29:17]} Nc3+ {[%clk 0:35:46]} 42. bxc3 {[%clk 0:29:37]} Rxc6
{[%clk 0:36:15]} 43. Kb2 {[%clk 0:29:56]} Kg4 {[%clk 0:36:40]} 44. Rh1
{[%clk 0:30:01]} h5 {[%clk 0:37:07]} 45. Rg1+ {[%clk 0:30:13]} Kf5
{[%clk 0:37:35]} 46. Rf1+ {[%clk 0:30:32]} Kg5 {[%clk 0:38:03]} 47. Rg1+
{[%clk 0:30:45]} Kh6 {[%clk 0:38:32]} 48. Rh1 {[%clk 0:30:08]} Rc4
{[%clk 0:38:50]} 49. Kb3 {[%clk 0:30:18]} Re4 {[%clk 0:38:21]} 50. Rd1
{[%clk 0:29:08]} Re7 {[%clk 0:38:17]} 51. Rg1 {[%clk 0:28:03]} h4
{[%clk 0:38:30]} 52. Rg4 {[%clk 0:27:41]} Kh5 {[%clk 0:38:48]} 53. Rg8
{[%clk 0:27:58]} Rh7 {[%clk 0:39:01]} 54. Rg1 {[%clk 0:27:25]} h3
{[%clk 0:39:25]} 55. Rg3 {[%clk 0:27:31]} Kh4 {[%clk 0:39:48]} 0-1

[Event "2016 Girls Closed Championship"]
[Site "Manchester, NH"]
[Date "2016.06.26"]
[Round "2.5"]
[White "Wang, Annie"]
[Black "Bykovtsev, Agata"]
[Result "0-1"]
[BlackElo "2158"]
[WhiteElo "2061"]
[LiveChessVersion "1.4.8"]

1. d4 {[%clk 1:30:58]} Nf6 {[%clk 1:30:59]} 2. c4 {[%clk 1:31:20]} g6
{[%clk 1:31:26]} 3. Nc3 {[%clk 1:31:44]} Bg7 {[%clk 1:31:53]} 4. Nf3
{[%clk 1:32:06]} d6 {[%clk 1:32:19]} 5. Bg5 {[%clk 1:32:28]} h6 {[%clk 1:32:45]}
6. Bh4 {[%clk 1:32:48]} g5 {[%clk 1:33:11]} 7. Bg3 {[%clk 1:33:04]} Nh5
{[%clk 1:33:32]} 8. e3 {[%clk 1:33:24]} e6 {[%clk 1:33:52]} 9. Be2
{[%clk 1:33:45]} Qe7 {[%clk 1:33:45]} 10. Qc2 {[%clk 1:33:52]} Nd7
{[%clk 1:33:48]} 11. O-O-O {[%clk 1:33:43]} Ndf6 {[%clk 1:33:53]} 12. Ne1
{[%clk 1:33:33]} c6 {[%clk 1:33:04]} 13. e4 {[%clk 1:32:57]} Nxg3
{[%clk 1:29:28]} 14. hxg3 {[%clk 1:32:26]} e5 {[%clk 1:25:59]} 15. d5
{[%clk 1:31:02]} cxd5 {[%clk 1:17:12]} 16. cxd5 {[%clk 1:27:05]} O-O
{[%clk 1:15:24]} 17. Qd2 {[%clk 1:20:13]} Bd7 {[%clk 1:10:44]} 18. Nc2
{[%clk 1:15:24]} b5 {[%clk 1:00:09]} 19. Bd3 {[%clk 1:08:40]} Rab8
{[%clk 0:55:11]} 20. Ne3 {[%clk 1:04:29]} b4 {[%clk 0:46:30]} 21. Ne2
{[%clk 1:03:11]} Ng4 {[%clk 0:40:45]} 22. Nxg4 {[%clk 0:53:30]} Bxg4
{[%clk 0:41:11]} 23. f3 {[%clk 0:52:37]} Bd7 {[%clk 0:35:58]} 24. g4
{[%clk 0:49:54]} Rfc8+ {[%clk 0:26:59]} 25. Kb1 {[%clk 0:49:34]} Bf8
{[%clk 0:21:28]} 26. Ba6 {[%clk 0:39:11]} Rc5 {[%clk 0:20:27]} 27. Rc1
{[%clk 0:38:36]} Ra5 {[%clk 0:19:26]} 28. Bd3 {[%clk 0:37:42]} Qf6
{[%clk 0:12:40]} 29. Rc7 {[%clk 0:28:00]} Qd8 {[%clk 0:13:00]} 30. Rhc1
{[%clk 0:28:02]} Qe8 {[%clk 0:10:45]} 31. Qe3 {[%clk 0:23:51]} Rc5
{[%clk 0:06:56]} 32. R7xc5 {[%clk 0:17:28]} dxc5 {[%clk 0:07:24]} 33. Bc4
{[%clk 0:17:25]} Bd6 {[%clk 0:05:02]} 34. Rh1 {[%clk 0:14:42]} Kg7
{[%clk 0:05:02]} 35. Nc1 {[%clk 0:13:42]} Bb5 {[%clk 0:02:47]} 36. Bxb5
{[%clk 0:10:46]} Qxb5 {[%clk 0:03:13]} 37. Ne2 {[%clk 0:10:46]} c4
{[%clk 0:02:08]} 38. Ng3 {[%clk 0:10:53]} Bf8 {[%clk 0:01:55]} 39. Nf5+
{[%clk 0:11:03]} Kg6 {[%clk 0:02:15]} 40. Qe2 {[%clk 0:37:51]} b3
{[%clk 0:31:33]} 41. a3 {[%clk 0:33:20]} c3 {[%clk 0:29:17]} 42. Qxb5
{[%clk 0:29:24]} c2+ {[%clk 0:29:46]} 43. Kc1 {[%clk 0:29:31]} Rxb5
{[%clk 0:30:14]} 44. d6 {[%clk 0:28:01]} Kf6 {[%clk 0:18:33]} 45. g3
{[%clk 0:20:26]} Ke6 {[%clk 0:15:51]} 46. Rh2 {[%clk 0:14:49]} Rb6
{[%clk 0:10:38]} 47. Kd2 {[%clk 0:11:51]} f6 {[%clk 0:08:42]} 48. Rh1
{[%clk 0:11:21]} Bxd6 {[%clk 0:08:10]} 49. Nxh6 {[%clk 0:11:30]} Bc5
{[%clk 0:08:13]} 50. Nf5 {[%clk 0:11:33]} Rb8 {[%clk 0:06:59]} 51. Kc3
{[%clk 0:07:50]} Rd8 {[%clk 0:06:38]} 52. Ng7+ {[%clk 0:02:23]} Kf7
{[%clk 0:06:38]} 53. Nf5 {[%clk 0:02:27]} Rd1 {[%clk 0:06:37]} 54. Rh7+
{[%clk 0:02:39]} Kg8 {[%clk 0:06:43]} 0-1

[Event "2016 Girls Closed Championship"]
[Site "Manchester, NH"]
[Date "2016.06.26"]
[Round "3.1"]
[White "Bykovtsev, Agata"]
[Black "Liu, Joanna"]
[Result "1-0"]
[BlackElo "1850"]
[WhiteElo "2158"]
[LiveChessVersion "1.4.8"]

1. e4 {[%clk 1:30:58]} c5 {[%clk 1:30:56]} 2. Nf3 {[%clk 1:31:24]} d6
{[%clk 1:31:21]} 3. Nc3 {[%clk 1:31:51]} Nf6 {[%clk 1:31:46]} 4. d4
{[%clk 1:32:17]} cxd4 {[%clk 1:32:11]} 5. Nxd4 {[%clk 1:32:42]} a6
{[%clk 1:32:37]} 6. Bc4 {[%clk 1:33:08]} e6 {[%clk 1:33:03]} 7. O-O
{[%clk 1:33:33]} b5 {[%clk 1:33:29]} 8. Bb3 {[%clk 1:33:36]} Be7 {[%clk 1:33:50]}
9. Qf3 {[%clk 1:34:00]} Qc7 {[%clk 1:34:16]} 10. Qg3 {[%clk 1:34:19]} O-O
{[%clk 1:34:40]} 11. Bh6 {[%clk 1:34:43]} Ne8 {[%clk 1:35:05]} 12. Rfe1
{[%clk 1:34:20]} Bd7 {[%clk 1:35:02]} 13. Nce2 {[%clk 1:33:31]} Nc6
{[%clk 1:33:39]} 14. Nxc6 {[%clk 1:33:05]} Qxc6 {[%clk 1:32:29]} 15. Nf4
{[%clk 1:32:50]} Kh8 {[%clk 1:30:44]} 16. Bg5 {[%clk 1:33:12]} Bxg5
{[%clk 1:24:15]} 17. Qxg5 {[%clk 1:33:40]} Nf6 {[%clk 1:21:23]} 18. e5
{[%clk 1:32:01]} dxe5 {[%clk 1:21:26]} 19. Qxe5 {[%clk 1:32:14]} a5
{[%clk 1:21:19]} 20. c3 {[%clk 1:30:23]} b4 {[%clk 1:11:35]} 21. cxb4
{[%clk 1:25:10]} axb4 {[%clk 1:11:59]} 22. Nd3 {[%clk 1:19:49]} Qb6
{[%clk 1:08:25]} 23. Qf4 {[%clk 1:17:26]} Rfb8 {[%clk 1:03:07]} 24. Re5
{[%clk 1:09:12]} Bc6 {[%clk 0:53:35]} 25. Rae1 {[%clk 1:01:11]} Qb7
{[%clk 0:40:47]} 26. Nc5 {[%clk 0:54:25]} Qc7 {[%clk 0:37:01]} 27. Qd4
{[%clk 0:41:48]} h6 {[%clk 0:27:23]} 28. R5e3 {[%clk 0:41:04]} Bd5
{[%clk 0:23:52]} 29. Bxd5 {[%clk 0:34:28]} Nxd5 {[%clk 0:24:16]} 30. Rg3
{[%clk 0:33:23]} Rg8 {[%clk 0:23:01]} 31. Rh3 Qf4 32. Ne4 Rgd8 33. g3 Qf5 34.
Rxh6+ Kg8 35. Rh4 Rxa2 36. Rf4 e5 37. Qxd5 Rxd5 38. Rxf5 Rxb2 39. f4 f6 40. fxe5
fxe5 41. Ref1 Re2 42. Ng5 Rd8 43. R5f2 Re3 44. Rb2 b3 45. Rfb1 Rb8 46. Kf2 Rc3
47. Ne4 Rf8+ 48. Ke2 Rc2+ 49. Rxc2 bxc2 50. Rc1 Rc8 51. Kd3 Rd8+ 52. Kxc2 Kf7 53.
Rf1+ Kg6 54. Nf2 Kg5 55. Re1 Kf5 56. Re4 Rh8 57. g4+ Kf6 58. h3 Rd8 59. Nd3 Rd5
60. Kd2 Rb5 61. Ke3 Ra5 62. h4 Rb5 63. Ra4 Rb6 64. Ke4 g6 65. Nxe5 Re6 66. g5+
Kg7 67. Ra7+ 1-0

[Event "2016 Girls Closed Championship"]
[Site "Manchester, NH"]
[Date "2016.06.26"]
[Round "3.2"]
[White "Xiang, Evan"]
[Black "Wang, Annie"]
[Result "1-0"]
[BlackElo "2061"]
[WhiteElo "1806"]
[LiveChessVersion "1.4.8"]

1. d4 {[%clk 1:30:59]} e6 {[%clk 1:30:47]} 2. Bf4 {[%clk 1:31:21]} Nf6
{[%clk 1:31:10]} 3. Nf3 {[%clk 1:31:41]} c5 {[%clk 1:31:27]} 4. e3
{[%clk 1:32:06]} b6 {[%clk 1:31:53]} 5. c4 {[%clk 1:32:14]} Bb7 {[%clk 1:30:47]}
6. Nc3 {[%clk 1:32:25]} Nh5 {[%clk 1:22:42]} 7. Bg5 {[%clk 1:31:34]} Be7
{[%clk 1:22:23]} 8. Bxe7 {[%clk 1:31:37]} Qxe7 {[%clk 1:22:41]} 9. Be2
{[%clk 1:31:50]} Nf6 {[%clk 1:20:40]} 10. O-O {[%clk 1:31:39]} O-O
{[%clk 1:20:06]} 11. Qc2 {[%clk 1:29:18]} d5 {[%clk 1:15:43]} 12. dxc5
{[%clk 1:25:16]} bxc5 {[%clk 1:10:36]} 13. Rfd1 {[%clk 1:23:45]} Nbd7
{[%clk 1:08:38]} 14. Rac1 {[%clk 1:22:18]} Rfd8 {[%clk 1:05:53]} 15. a3
{[%clk 1:20:19]} Rac8 {[%clk 1:03:24]} 16. Na2 {[%clk 1:19:30]} Nb6
{[%clk 0:59:53]} 17. Qb1 {[%clk 1:15:38]} Ba6 {[%clk 0:45:16]} 18. Nd2
{[%clk 1:11:04]} d4 {[%clk 0:38:45]} 19. exd4 {[%clk 1:06:13]} cxd4
{[%clk 0:37:51]} 20. b4 {[%clk 1:05:19]} e5 {[%clk 0:36:03]} 21. Bd3
{[%clk 1:03:38]} Bb7 {[%clk 0:31:44]} 22. Re1 {[%clk 0:59:24]} Re8
{[%clk 0:25:54]} 23. c5 {[%clk 0:57:44]} Nbd5 {[%clk 0:25:19]} 24. Nc4
{[%clk 0:57:44]} e4 {[%clk 0:17:52]} 25. Nd6 {[%clk 0:55:54]} e3 {[%clk 0:16:31]}
26. f3 {[%clk 0:48:11]} Nf4 {[%clk 0:12:41]} 27. Bb5 {[%clk 0:35:32]} Red8
{[%clk 0:11:14]} 28. Qf5 {[%clk 0:33:16]} N4d5 {[%clk 0:09:59]} 29. Qd3
{[%clk 0:32:47]} Rxd6 {[%clk 0:05:27]} 30. cxd6 {[%clk 0:33:02]} Qe5
{[%clk 0:05:39]} 31. d7 {[%clk 0:28:38]} Rd8 {[%clk 0:05:05]} 32. Rc4
{[%clk 0:28:25]} Nf4 {[%clk 0:04:38]} 33. Qxd4 {[%clk 0:26:33]} Nh3+
{[%clk 0:04:49]} 34. Kf1 {[%clk 0:24:43]} Qxb5 {[%clk 0:03:30]} 35. a4
{[%clk 0:24:11]} Qh5 {[%clk 0:02:04]} 36. Qxe3 {[%clk 0:24:28]} Nxd7
{[%clk 0:01:24]} 37. Qe7 {[%clk 0:24:08]} Rf8 {[%clk 0:01:31]} 38. Qxd7
{[%clk 0:23:21]} Bd5 {[%clk 0:01:30]} 39. Rc8 {[%clk 0:23:36]} g6
{[%clk 0:01:20]} 40. Rxf8+ {[%clk 0:52:04]} Kxf8 {[%clk 0:31:41]} 41. Qxh3
{[%clk 0:50:59]} Qxh3 {[%clk 0:28:03]} 42. gxh3 {[%clk 0:51:29]} Bxa2
{[%clk 0:28:23]} 43. Rc1 {[%clk 0:51:28]} Bb3 {[%clk 0:22:22]} 44. a5
{[%clk 0:51:48]} Ba4 {[%clk 0:18:59]} 45. Rc7 {[%clk 0:52:04]} a6
{[%clk 0:18:02]} 46. h4 {[%clk 0:51:51]} h5 {[%clk 0:17:09]} 47. Ke2
{[%clk 0:52:15]} Kg7 {[%clk 0:15:37]} 48. Ke3 {[%clk 0:52:37]} Bb5
{[%clk 0:15:20]} 49. Rb7 {[%clk 0:52:54]} Bc4 {[%clk 0:14:19]} 50. b5
{[%clk 0:53:15]} axb5 {[%clk 0:13:50]} 51. a6 {[%clk 0:53:40]} b4
{[%clk 0:13:54]} 52. a7 {[%clk 0:54:06]} 1-0

[Event "2016 Girls Closed Championship"]
[Site "Manchester, NH"]
[Date "2016.06.26"]
[Round "3.3"]
[White "Nguyen, Emily"]
[Black "Virkud, Apurva"]
[Result "1-0"]
[BlackElo "1913"]
[WhiteElo "1944"]
[LiveChessVersion "1.4.8"]

1. d4 {[%clk 1:30:58]} d5 {[%clk 1:30:53]} 2. c4 {[%clk 1:31:22]} e6
{[%clk 1:31:19]} 3. Nc3 {[%clk 1:31:49]} Nf6 {[%clk 1:31:42]} 4. Nf3
{[%clk 1:32:11]} Be7 {[%clk 1:32:06]} 5. Bf4 {[%clk 1:32:37]} O-O
{[%clk 1:32:15]} 6. e3 {[%clk 1:33:05]} c5 {[%clk 1:32:05]} 7. dxc5
{[%clk 1:33:32]} Bxc5 {[%clk 1:31:27]} 8. Qc2 {[%clk 1:33:57]} Nc6
{[%clk 1:27:58]} 9. a3 {[%clk 1:34:22]} Be7 {[%clk 1:26:22]} 10. Rd1
{[%clk 1:33:54]} Qa5 {[%clk 1:25:16]} 11. Be2 {[%clk 1:33:23]} a6
{[%clk 1:21:56]} 12. O-O {[%clk 1:32:04]} dxc4 {[%clk 1:18:29]} 13. Bxc4
{[%clk 1:32:16]} b5 {[%clk 1:16:12]} 14. Bd3 {[%clk 1:28:31]} Bb7
{[%clk 1:14:15]} 15. Ne4 {[%clk 1:25:33]} h6 {[%clk 0:58:57]} 16. Nd6
{[%clk 1:19:55]} Bxd6 {[%clk 0:57:51]} 17. Bxd6 {[%clk 1:20:22]} Rfd8
{[%clk 0:55:29]} 18. Bg3 {[%clk 1:18:29]} Rac8 {[%clk 0:52:56]} 19. Qe2
{[%clk 1:16:56]} Rd7 {[%clk 0:48:45]} 20. Ne5 {[%clk 1:11:45]} Rd5
{[%clk 0:40:17]} 21. Nxc6 {[%clk 1:08:52]} Bxc6 {[%clk 0:39:00]} 22. Bh4
{[%clk 1:02:20]} Nd7 {[%clk 0:31:11]} 23. Rc1 {[%clk 0:54:11]} Qa4
{[%clk 0:25:28]} 24. Be7 {[%clk 0:49:09]} Ne5 {[%clk 0:20:45]} 25. Bb1
{[%clk 0:46:12]} Qa5 {[%clk 0:17:34]} 26. Bb4 {[%clk 0:39:50]} Qb6
{[%clk 0:14:11]} 27. Bc3 {[%clk 0:35:57]} Nc4 {[%clk 0:11:58]} 28. h4
{[%clk 0:33:08]} Qb7 {[%clk 0:08:57]} 29. b3 {[%clk 0:24:08]} Nb6
{[%clk 0:07:42]} 30. e4 {[%clk 0:22:13]} Rd7 {[%clk 0:03:58]} 31. Qg4
{[%clk 0:22:18]} f6 {[%clk 0:03:48]} 32. Qxe6+ {[%clk 0:17:59]} Rf7
{[%clk 0:03:34]} 33. Qf5 {[%clk 0:17:01]} Nd7 {[%clk 0:01:38]} 34. e5
{[%clk 0:16:11]} g6 {[%clk 0:01:46]} 35. Qg4 {[%clk 0:14:15]} Nxe5
{[%clk 0:01:21]} 36. Bxe5 {[%clk 0:14:06]} fxe5 {[%clk 0:01:46]} 37. Bxg6
{[%clk 0:13:31]} Rg7 {[%clk 0:02:07]} 38. h5 {[%clk 0:13:16]} Rf8
{[%clk 0:02:08]} 39. Qe6+ {[%clk 0:13:31]} Kh8 {[%clk 0:02:29]} 40. Rxc6
{[%clk 0:41:36]} Re7 {[%clk 0:32:50]} 41. Qd5 {[%clk 0:41:45]} 1-0

[Event "2016 Girls Closed Championship"]
[Site "Manchester, NH"]
[Date "2016.06.26"]
[Round "3.4"]
[White "Yip, Carissa"]
[Black "Feng, Maggie"]
[Result "0-1"]
[BlackElo "2227"]
[WhiteElo "2196"]
[LiveChessVersion "1.4.8"]

1. e4 {[%clk 1:30:57]} c5 {[%clk 1:30:49]} 2. Nf3 {[%clk 1:31:20]} Nc6
{[%clk 1:31:09]} 3. d4 {[%clk 1:31:46]} cxd4 {[%clk 1:31:28]} 4. Nxd4
{[%clk 1:32:13]} Qc7 {[%clk 1:31:37]} 5. Nc3 {[%clk 1:32:32]} e6 {[%clk 1:31:52]}
6. g3 {[%clk 1:32:51]} a6 {[%clk 1:32:10]} 7. Bg2 {[%clk 1:33:09]} Nf6
{[%clk 1:32:26]} 8. O-O {[%clk 1:33:25]} Nxd4 {[%clk 1:32:44]} 9. Qxd4
{[%clk 1:33:32]} Bc5 {[%clk 1:32:58]} 10. Bf4 {[%clk 1:31:34]} d6
{[%clk 1:33:17]} 11. Qd2 {[%clk 1:31:15]} h6 {[%clk 1:33:05]} 12. Rad1
{[%clk 1:22:15]} e5 {[%clk 1:32:19]} 13. Be3 {[%clk 1:21:23]} Be6
{[%clk 1:31:05]} 14. h3 {[%clk 0:57:28]} O-O {[%clk 1:27:54]} 15. f4
{[%clk 0:52:17]} Rfd8 {[%clk 1:12:05]} 16. f5 {[%clk 0:47:02]} Bd7
{[%clk 1:05:19]} 17. Kh1 {[%clk 0:42:05]} Bxe3 {[%clk 0:50:05]} 18. Qxe3
{[%clk 0:42:01]} Bc6 {[%clk 0:50:20]} 19. g4 {[%clk 0:26:02]} b5 {[%clk 0:48:04]}
20. a3 {[%clk 0:22:08]} a5 {[%clk 0:41:07]} 21. Rf2 {[%clk 0:18:17]} b4
{[%clk 0:35:31]} 22. Nd5 {[%clk 0:18:28]} Bxd5 {[%clk 0:35:38]} 23. exd5
{[%clk 0:18:53]} Qa7 {[%clk 0:24:18]} 24. Qxa7 {[%clk 0:12:33]} Rxa7
{[%clk 0:24:39]} 25. Rd3 {[%clk 0:08:26]} Nd7 {[%clk 0:21:00]} 26. axb4
{[%clk 0:05:05]} axb4 {[%clk 0:21:22]} 27. Rb3 {[%clk 0:05:29]} Rb8
{[%clk 0:21:23]} 28. c3 {[%clk 0:05:48]} Rab7 {[%clk 0:17:04]} 29. Rf1
{[%clk 0:05:11]} Nc5 {[%clk 0:13:32]} 30. Rxb4 {[%clk 0:05:34]} Rxb4
{[%clk 0:13:55]} 31. cxb4 {[%clk 0:06:01]} Rxb4 {[%clk 0:14:19]} 32. Ra1
{[%clk 0:03:46]} Rxb2 {[%clk 0:06:57]} 33. Ra8+ {[%clk 0:02:44]} Kh7
{[%clk 0:07:20]} 34. Rf8 {[%clk 0:02:21]} Rb7 {[%clk 0:02:22]} 35. Rd8
{[%clk 0:02:30]} Re7 {[%clk 0:01:59]} 36. Rxd6 {[%clk 0:01:39]} e4
{[%clk 0:02:23]} 37. Rc6 {[%clk 0:00:47]} e3 {[%clk 0:01:41]} 38. Bf3
{[%clk 0:01:12]} Nb3 39. Rc2 {[%clk 0:00:54]} Nd4 {[%clk 0:01:15]} 40. d6
{[%clk 0:31:19]} Rd7 {[%clk 0:31:11]} 41. Rc7 {[%clk 0:30:38]} Rxd6
{[%clk 0:30:34]} 42. Kg2 {[%clk 0:27:12]} e2 {[%clk 0:25:25]} 43. Re7
{[%clk 0:27:06]} Re6 {[%clk 0:23:51]} 44. Rxe6 {[%clk 0:26:31]} fxe6
{[%clk 0:24:10]} 45. Bxe2 {[%clk 0:26:46]} Nxe2 {[%clk 0:24:32]} 46. Kf3
{[%clk 0:27:08]} Nd4+ {[%clk 0:21:34]} 47. Ke4 {[%clk 0:27:35]} exf5+
{[%clk 0:22:24]} 48. Kxd4 {[%clk 0:27:57]} fxg4 {[%clk 0:22:47]} 49. hxg4
{[%clk 0:28:23]} Kg6 {[%clk 0:23:05]} 50. Ke4 {[%clk 0:28:50]} Kg5
{[%clk 0:23:28]} 51. Kf3 {[%clk 0:29:17]} Kh4 {[%clk 0:23:49]} 52. Kf4
{[%clk 0:29:40]} g6 {[%clk 0:24:03]} 53. g5 {[%clk 0:30:00]} hxg5+
{[%clk 0:24:19]} 54. Kf3 {[%clk 0:30:25]} Kh3 {[%clk 0:24:32]} 55. Kf2
{[%clk 0:30:47]} g4 {[%clk 0:24:30]} 56. Kg1 {[%clk 0:31:14]} Kg3
{[%clk 0:24:51]} 57. Kh1 {[%clk 0:31:38]} Kf2 {[%clk 0:25:13]} 0-1

[Event "2016 Girls Closed Championship"]
[Site "Manchester, NH"]
[Date "2016.06.26"]
[Round "3.5"]
[White "Dong, Alice"]
[Black "Yu, Jennifer"]
[Result "1-0"]
[BlackElo "2187"]
[WhiteElo "1953"]
[LiveChessVersion "1.4.8"]

1. e4 {[%clk 1:30:37]} c5 {[%clk 1:30:48]} 2. Nf3 {[%clk 1:30:59]} d6
{[%clk 1:31:09]} 3. d4 {[%clk 1:31:15]} cxd4 {[%clk 1:31:27]} 4. Nxd4
{[%clk 1:31:39]} Nf6 {[%clk 1:31:49]} 5. Nc3 {[%clk 1:32:03]} a6 {[%clk 1:32:04]}
6. h3 {[%clk 1:32:02]} e6 {[%clk 1:32:12]} 7. g4 {[%clk 1:32:09]} Be7
{[%clk 1:32:36]} 8. Bg2 {[%clk 1:32:29]} Nfd7 {[%clk 1:32:46]} 9. O-O
{[%clk 1:30:38]} O-O {[%clk 1:31:17]} 10. Nce2 {[%clk 1:29:53]} Nc6
{[%clk 1:29:46]} 11. Kh1 {[%clk 1:27:45]} Nc5 {[%clk 1:20:34]} 12. c3
{[%clk 1:24:19]} Qc7 {[%clk 1:19:06]} 13. Ng3 {[%clk 1:18:17]} b5
{[%clk 1:15:09]} 14. g5 {[%clk 1:16:20]} Bb7 {[%clk 1:09:51]} 15. f4
{[%clk 1:11:57]} Rfd8 {[%clk 1:00:13]} 16. Be3 {[%clk 1:07:00]} d5
{[%clk 0:46:42]} 17. e5 {[%clk 0:57:45]} Rab8 {[%clk 0:40:50]} 18. Rc1
{[%clk 0:51:16]} Ba8 {[%clk 0:39:18]} 19. b3 {[%clk 0:49:38]} a5 {[%clk 0:34:13]}
20. Qe2 {[%clk 0:40:44]} b4 {[%clk 0:23:35]} 21. h4 {[%clk 0:39:02]} Qb6
{[%clk 0:18:38]} 22. h5 {[%clk 0:33:19]} bxc3 {[%clk 0:14:47]} 23. g6
{[%clk 0:31:15]} Ne4 {[%clk 0:08:54]} 24. gxf7+ {[%clk 0:27:55]} Kh8
{[%clk 0:09:18]} 25. Nxe4 {[%clk 0:14:55]} Nxd4 {[%clk 0:09:40]} 26. Bxd4
{[%clk 0:14:18]} Qxd4 {[%clk 0:10:05]} 27. Nxc3 {[%clk 0:14:17]} Rf8
{[%clk 0:09:14]} 28. Nb5 {[%clk 0:13:10]} Qb6 {[%clk 0:08:19]} 29. Nc7
{[%clk 0:13:05]} Rxf7 {[%clk 0:07:09]} 30. Nxa8 {[%clk 0:13:24]} Rxa8
{[%clk 0:07:38]} 31. Qd3 {[%clk 0:12:39]} Raf8 {[%clk 0:05:20]} 32. Qg3
{[%clk 0:10:35]} Rf5 {[%clk 0:04:43]} 33. Qg4 {[%clk 0:08:45]} Bc5
{[%clk 0:02:13]} 34. Rc2 {[%clk 0:08:15]} Be3 {[%clk 0:02:13]} 35. Bxd5
{[%clk 0:06:31]} Qa6 {[%clk 0:00:56]} 36. Bc4 {[%clk 0:06:16]} Qc6+
{[%clk 0:01:22]} 37. Rg2 {[%clk 0:05:10]} R8f7 {[%clk 0:01:23]} 38. Rd1
{[%clk 0:05:24]} Bb6 {[%clk 0:00:34]} 39. Rd6 {[%clk 0:05:09]} Qc7
{[%clk 0:00:33]} 40. Rxe6 {[%clk 0:35:17]} Bc5 {[%clk 0:30:58]} 41. Re8+
{[%clk 0:34:30]} Bf8 {[%clk 0:25:02]} 42. e6 {[%clk 0:33:21]} R7f6
{[%clk 0:21:30]} 43. e7 {[%clk 0:32:44]} 1-0

[Event "2016 Girls Closed Championship"]
[Site "Manchester, NH"]
[Date "2016.06.27"]
[Round "4.1"]
[White "Liu, Joanna"]
[Black "Yu, Jennifer"]
[Result "1/2-1/2"]
[BlackElo "2187"]
[WhiteElo "1850"]
[LiveChessVersion "1.4.8"]

1. d4 {[%clk 1:30:57]} d5 {[%clk 1:30:50]} 2. c4 {[%clk 1:31:23]} c6
{[%clk 1:31:15]} 3. cxd5 {[%clk 1:31:49]} cxd5 {[%clk 1:31:40]} 4. Nc3
{[%clk 1:32:14]} Nf6 {[%clk 1:31:57]} 5. Nf3 {[%clk 1:32:39]} Nc6
{[%clk 1:32:18]} 6. Bf4 {[%clk 1:32:52]} a6 {[%clk 1:32:32]} 7. e3
{[%clk 1:33:16]} Bf5 {[%clk 1:31:37]} 8. Bd3 {[%clk 1:33:26]} Bxd3
{[%clk 1:31:50]} 9. Qxd3 {[%clk 1:33:52]} e6 {[%clk 1:32:07]} 10. O-O
{[%clk 1:34:09]} Bd6 {[%clk 1:31:50]} 11. Bxd6 {[%clk 1:34:22]} Qxd6
{[%clk 1:32:14]} 12. a3 {[%clk 1:34:34]} O-O {[%clk 1:31:05]} 13. h3
{[%clk 1:33:00]} b5 {[%clk 1:29:06]} 14. b4 {[%clk 1:32:43]} Rfc8
{[%clk 1:25:48]} 15. Nd2 {[%clk 1:31:09]} e5 {[%clk 1:21:48]} 16. Nb3
{[%clk 1:26:13]} e4 {[%clk 1:18:55]} 17. Qd2 {[%clk 1:24:39]} Nd7
{[%clk 1:11:17]} 18. Nc5 {[%clk 1:23:46]} Nb6 {[%clk 1:04:15]} 19. Qe2
{[%clk 1:17:20]} f5 {[%clk 0:58:34]} 20. Rfb1 {[%clk 1:07:30]} Nc4
{[%clk 0:49:39]} 21. a4 {[%clk 1:04:54]} bxa4 {[%clk 0:41:49]} 22. Rxa4
{[%clk 1:04:34]} a5 {[%clk 0:40:21]} 23. bxa5 {[%clk 0:57:32]} N6xa5
{[%clk 0:37:37]} 24. Qa2 {[%clk 0:46:33]} Qc6 {[%clk 0:24:14]} 25. Nb7
{[%clk 0:38:01]} Nd2 {[%clk 0:20:10]} 26. Nxd5 {[%clk 0:30:21]} Qc1+
{[%clk 0:16:41]} 27. Rxc1 {[%clk 0:29:49]} Rxc1+ {[%clk 0:17:06]} 28. Kh2
{[%clk 0:30:16]} Nf1+ {[%clk 0:17:31]} 29. Kg1 {[%clk 0:29:49]} Ng3+
{[%clk 0:16:56]} 1/2-1/2